[Event "ENG-ch Senior Over 50"]
[Site "Kenilworth"]
[Date "2024.05.25"]
[Round "2.11"]
[White "Henderson, David"]
[Black "Ali, Golam S"]
[Result "0-1"]
[WhiteElo "2082"]
[BlackElo "1956"]
[PlyCount "74"]
[EventDate "2024.05.24"]
[EventType "swiss"]
[EventRounds "7"]
[EventCountry "ENG"]

1. e4 Nc6 2. Nf3 e5 3. Bc4 Bc5 4. b4 Bxb4 5. c3 Be7 6. d4 d6 7. O-O Nf6 8. Re1
O-O 9. Nbd2 Bg4 10. h3 Bh5 11. Qc2 Bg6 12. Qb2 Nxe4 13. Nxe4 d5 14. Nxe5 Nxe5
15. dxe5 Bxe4 16. Bf1 b6 17. Bf4 Bc5 18. Rad1 Qh4 19. Be3 Bxe3 20. Rxe3 Rad8
21. f3 Qg5 22. Qf2 Bf5 23. g4 Rfe8 24. Bg2 Bc8 25. f4 Qe7 26. Bxd5 c6 27. Bb3
Rxd1+ 28. Bxd1 Rd8 29. Bf3 Qa3 30. Kg2 Qc1 31. Re2 Ba6 32. Rc2 Qxf4 33. Bxc6
Qxe5 34. Rd2 Rc8 35. Qf3 g6 36. Rd7 Bc4 37. Rxa7 Rxc6 0-1

[Event "ENG-ch Senior Over 50"]
[Site "Kenilworth"]
[Date "2024.05.25"]
[Round "2.12"]
[White "Paterson, Andrew I"]
[Black "Walley, A Clive"]
[Result "1-0"]
[WhiteElo "2034"]
[BlackElo "1885"]
[PlyCount "137"]
[EventDate "2024.05.24"]
[EventType "swiss"]
[EventRounds "7"]
[EventCountry "ENG"]

1. c4 Nf6 2. Nc3 g6 3. g3 Bg7 4. Bg2 O-O 5. e4 d6 6. Nge2 Nc6 7. O-O a6 8. h3
Rb8 9. d4 Bd7 10. a4 e5 11. Be3 exd4 12. Nxd4 Re8 13. Qd2 Nxd4 14. Bxd4 Bc6 15.
Rfe1 Qd7 16. a5 Re7 17. Qd3 Rbe8 18. Re3 Nh5 19. Bxg7 Kxg7 20. Rae1 f6 21. b4
Qc8 22. b5 axb5 23. cxb5 Bd7 24. Nd5 Rf7 25. g4 c6 26. bxc6 bxc6 27. Nb6 Nf4
28. Qxd6 Qb8 29. Qxb8 Rxb8 30. e5 Nxg2 31. Kxg2 fxe5 32. Rxe5 Rbf8 33. R1e2 Bc8
34. Ra2 Ba6 35. Rc5 Rf4 36. Rc3 h5 37. f3 hxg4 38. hxg4 Kh6 39. Kg3 R4f6 40.
Nd7 R8f7 41. Nxf6 Rxf6 42. f4 Kg7 43. Rb2 Bb5 44. Ra3 Rf7 45. a6 Ra7 46. Rba2
Kf6 47. Kf3 Ke6 48. Ke3 Kd5 49. Rd2+ Ke6 50. Rh2 Rxa6 51. Rxa6 Bxa6 52. Kd4 Kf6
53. Rc2 Bb5 54. Rc5 Ke6 55. Rg5 Kf6 56. Kc5 Kf7 57. Kd6 Ba4 58. Re5 Bb5 59. g5
Ba4 60. Re7+ Kf8 61. Rc7 Bb5 62. Ke5 Ke8 63. Kf6 Kd8 64. Rg7 Bd3 65. Rxg6 Bxg6
66. Kxg6 Ke7 67. Kf5 c5 68. Ke5 Kf7 69. Kd5 1-0

[Event "ENG-ch Senior Over 50"]
[Site "Kenilworth"]
[Date "2024.05.25"]
[Round "2.13"]
[White "Faulkner, Martin J"]
[Black "Byron, Alan M"]
[Result "0-1"]
[WhiteElo "1825"]
[BlackElo "2075"]
[PlyCount "116"]
[EventDate "2024.05.24"]
[EventType "swiss"]
[EventRounds "7"]
[EventCountry "ENG"]

1. c4 Nf6 2. g3 g6 3. Bg2 Bg7 4. Nc3 O-O 5. d3 c5 6. a3 Nc6 7. Rb1 a5 8. Nh3 d6
9. Nf4 h6 10. O-O Bf5 11. Nfd5 Nxd5 12. Nxd5 Bd7 13. Bd2 e6 14. Nc3 Rb8 15. Re1
Kh7 16. Nb5 Qe7 17. Qc2 b6 18. e3 Rfc8 19. Rbd1 Be8 20. Bc3 Ne5 21. a4 h5 22.
f4 Ng4 23. Bxg7 Kxg7 24. Nc3 Bc6 25. Bxc6 Rxc6 26. b3 f5 27. Qe2 Qf6 28. d4
cxd4 29. exd4 d5 30. Qf3 Rbc8 31. Nb5 Qf7 32. h3 Nf6 33. Qe3 Ne4 34. Rc1 dxc4
35. bxc4 Rxc4 36. Rxc4 Rxc4 37. Qd3 Rc8 38. Qa3 Qd7 39. g4 hxg4 40. hxg4 Rc4
41. g5 Rb4 42. Qh3 Rc4 43. Qh6+ Kf7 44. Qh7+ Ke8 45. Qxg6+ Kd8 46. Qg8+ Qe8 47.
Qh7 Qe7 48. g6 Qb4 49. Qg8+ Kd7 50. Qf7+ Kd8 51. Rf1 Qb3 52. Qg8+ Kd7 53. Qh7+
Kd8 54. Qh4+ Kd7 55. Qe1 Rc8 56. Qh4 Qe3+ 57. Kh1 Ng3+ 58. Kg2 Rc2+ 0-1

[Event "ENG-ch Senior Over 50"]
[Site "Kenilworth"]
[Date "2024.05.25"]
[Round "2.14"]
[White "Alldritt, Nigel RE"]
[Black "Donnelly, Andrew J"]
[Result "1-0"]
[WhiteElo "1983"]
[BlackElo "1782"]
[PlyCount "67"]
[EventDate "2024.05.24"]
[EventType "swiss"]
[EventRounds "7"]
[EventCountry "ENG"]

1. d4 Nf6 2. c4 g6 3. g3 Bg7 4. Bg2 c5 5. d5 d6 6. Nf3 O-O 7. O-O Bg4 8. h3
Bxf3 9. Bxf3 Nbd7 10. Qc2 Ne5 11. Bg2 Rb8 12. a4 Qc7 13. f4 Ned7 14. Nc3 a6 15.
e4 e6 16. dxe6 fxe6 17. g4 Ne8 18. Be3 Bd4 19. Qd2 Bxe3+ 20. Qxe3 Nb6 21. b3
Qg7 22. Rad1 Rd8 23. e5 Qe7 24. exd6 Nxd6 25. Qxc5 Nbc8 26. Qe3 b6 27. Rfe1 Kf7
28. Ne2 Nb7 29. Nd4 Nc5 30. Nc6 Rxd1 31. Rxd1 Qc7 32. a5 Re8 33. b4 Nb7 34.
Rd7+ 1-0

[Event "ENG-ch Senior Over 50"]
[Site "Kenilworth"]
[Date "2024.05.25"]
[Round "2.15"]
[White "Hymer, Barry J"]
[Black "Homer, Neil S"]
[Result "1-0"]
[WhiteElo "1943"]
[BlackElo "1691"]
[PlyCount "39"]
[EventDate "2024.05.24"]
[EventType "swiss"]
[EventRounds "7"]
[EventCountry "ENG"]

1. d4 d5 2. Nc3 Nf6 3. Bf4 c5 4. e3 cxd4 5. exd4 a6 6. Nf3 Bg4 7. h3 Bf5 8. g4
Be4 9. Nxe4 Nxe4 10. Bd3 Nc6 11. Qe2 Qb6 12. c3 e6 13. Bxe4 dxe4 14. Qxe4 Qxb2
15. O-O Qxc3 16. Rfc1 Qb2 17. Rab1 Qxa2 18. Rxc6 Qd5 19. Qxd5 exd5 20. Rxb7 1-0

[Event "ENG-ch Senior Over 50"]
[Site "Kenilworth"]
[Date "2024.05.25"]
[Round "2.16"]
[White "Drugan, Mark A"]
[Black "Gardiner, Eric D"]
[Result "1/2-1/2"]
[WhiteElo "1779"]
[BlackElo "1915"]
[PlyCount "106"]
[EventDate "2024.05.24"]
[EventType "swiss"]
[EventRounds "7"]
[EventCountry "ENG"]

1. e4 c6 2. d4 d5 3. f3 Qb6 4. a4 e5 5. c3 exd4 6. a5 Qc7 7. Qxd4 dxe4 8. Qxe4+
Qe7 9. Qxe7+ Bxe7 10. Be3 Nf6 11. Bc4 Nbd7 12. Ne2 Ne5 13. Nd2 Nxc4 14. Nxc4
Be6 15. Nd2 Nd5 16. Bf2 O-O 17. O-O c5 18. c4 Nb4 19. Nf4 Bf5 20. Ne4 Bxe4 21.
fxe4 Rfe8 22. Nd5 Bd6 23. Nc3 Na6 24. Rfd1 Rad8 25. Na4 Rxe4 26. Nc3 Ree8 27.
Nb5 Bb8 28. Rd5 Rxd5 29. cxd5 Rd8 30. Rd1 b6 31. axb6 axb6 32. d6 Nc7 33. Nxc7
Bxc7 34. Bg3 Bb8 35. Kf2 f6 36. Kf3 Kf7 37. Rd3 Rd7 38. Rb3 Bxd6 39. Rxb6 Bxg3
40. Kxg3 g5 41. Kf3 Kg6 42. Rb5 Rd2 43. Rxc5 Rxb2 44. Rc3 g4+ 45. Kg3 h5 46. h4
Rb5 47. Ra3 Rb4 48. Rc3 Re4 49. Ra3 Re6 50. Rb3 f5 51. Rb4 Re3+ 52. Kf4 Re6 53.
Ra4 Kf6 1/2-1/2

[Event "ENG-ch Senior Over 50"]
[Site "Kenilworth"]
[Date "2024.05.25"]
[Round "3.1"]
[White "Hebden, Mark L"]
[Black "Dishman, Stephen"]
[Result "1-0"]
[WhiteElo "2395"]
[BlackElo "2294"]
[PlyCount "83"]
[EventDate "2024.05.24"]
[EventType "swiss"]
[EventRounds "7"]
[EventCountry "ENG"]

1. d4 d5 2. c4 c6 3. cxd5 cxd5 4. Bf4 Nc6 5. e3 Nf6 6. Nc3 Bf5 7. Qb3 Na5 8.
Qa4+ Bd7 9. Qc2 e6 10. Nf3 Rc8 11. Bd3 Bb4 12. O-O O-O 13. Ne5 h6 14. h3 Qe7
15. Rfc1 Rfd8 16. Qe2 a6 17. Rc2 Bxc3 18. Rxc3 Rxc3 19. bxc3 Ba4 20. c4 dxc4
21. Nxc4 Nxc4 22. Bxc4 Bc6 23. Be5 Nd7 24. Bg3 Nb6 25. Bd3 Nd5 26. Rc1 Qd7 27.
Bb1 Bb5 28. Qc2 f5 29. e4 fxe4 30. Qxe4 Nf6 31. Qe1 Bc6 32. Be5 Qf7 33. Qe2 Nd7
34. Bc7 Re8 35. Rc3 Nf6 36. Be5 Nd7 37. Bd6 Nf6 38. Rg3 Qh5 39. Qe1 Qd5 40. Be5
Rf8 41. Qe3 Kh8 42. Qd3 1-0

[Event "ENG-ch Senior Over 50"]
[Site "Kenilworth"]
[Date "2024.05.25"]
[Round "3.2"]
[White "Wells, Peter K"]
[Black "Bradbury, Neil H"]
[Result "1-0"]
[WhiteElo "2348"]
[BlackElo "2182"]
[PlyCount "53"]
[EventDate "2024.05.24"]
[EventType "swiss"]
[EventRounds "7"]
[EventCountry "ENG"]

1. d4 Nf6 2. c4 e6 3. Nf3 Bb4+ 4. Bd2 a5 5. Nc3 O-O 6. e3 d5 7. Rc1 Nc6 8. Qc2
Bd7 9. h3 a4 10. a3 Bxc3 11. Bxc3 Ne4 12. Bd3 Nxc3 13. Qxc3 Ne7 14. cxd5 Nxd5
15. Qc2 h6 16. Ne5 Rc8 17. O-O b6 18. Ba6 Ra8 19. Bb7 Ra5 20. Bc6 Be8 21. Bxd5
Qxd5 22. Qxc7 Rb5 23. Qe7 Rxb2 24. Rc7 Qe4 25. Rc8 Rb1 26. Rxb1 Qxb1+ 27. Kh2
1-0

[Event "ENG-ch Senior Over 50"]
[Site "Kenilworth"]
[Date "2024.05.25"]
[Round "3.3"]
[White "Townsend, M Paul"]
[Black "Davies, Nigel R"]
[Result "1/2-1/2"]
[WhiteElo "2150"]
[BlackElo "2332"]
[PlyCount "62"]
[EventDate "2024.05.24"]
[EventType "swiss"]
[EventRounds "7"]
[EventCountry "ENG"]

1. Nf3 Nf6 2. c4 e6 3. g3 d5 4. Bg2 Be7 5. O-O O-O 6. b3 b6 7. Bb2 Bb7 8. e3
dxc4 9. bxc4 c5 10. Nc3 Nc6 11. Qe2 Qd7 12. Rfd1 Rad8 13. d4 cxd4 14. exd4 Na5
15. Rac1 Qc8 16. Ne5 Bxg2 17. Kxg2 Rfe8 18. Qf3 Bd6 19. Nb5 Bb8 20. c5 bxc5 21.
Rxc5 Qb7 22. Qxb7 Nxb7 23. Rcc1 Nd6 24. Nc7 Bxc7 25. Rxc7 Rb8 26. Rd2 Nd5 27.
Rd7 Red8 28. Rxd8+ Rxd8 29. Ba3 Nb5 30. Bc5 f6 31. Nf3 Rd7 1/2-1/2

[Event "ENG-ch Senior Over 50"]
[Site "Kenilworth"]
[Date "2024.05.25"]
[Round "3.4"]
[White "Ciuravin, Andrei"]
[Black "Ledger, Andrew J"]
[Result "0-1"]
[WhiteElo "2046"]
[BlackElo "2335"]
[PlyCount "90"]
[EventDate "2024.05.24"]
[EventType "swiss"]
[EventRounds "7"]
[EventCountry "ENG"]

1. d4 Nf6 2. Nf3 g6 3. Bg5 Bg7 4. Nbd2 O-O 5. c3 h6 6. Bh4 d6 7. e4 c5 8. dxc5
dxc5 9. Bc4 Nc6 10. Qe2 Nh5 11. Qe3 b6 12. O-O Qc7 13. Bg3 Nxg3 14. hxg3 Bb7
15. Nh2 Rad8 16. Rad1 Rd7 17. Nb3 Rfd8 18. Be2 a5 19. Nc1 Ne5 20. f4 Rxd1 21.
Rxd1 Rxd1+ 22. Bxd1 Nc4 23. Qe2 Qd7 24. Bb3 Nd2 25. Bc2 Nxe4 26. Bxe4 Bxe4 27.
Qxe4 Qd1+ 28. Nf1 Qxc1 29. Qe2 c4 30. Kh2 b5 31. Ne3 a4 32. a3 e6 33. Ng4 h5
34. Nf2 h4 35. Ng4 hxg3+ 36. Kxg3 g5 37. fxg5 Qxg5 38. Kh2 Qd5 39. Nf2 Qe5+ 40.
Qxe5 Bxe5+ 41. Kg1 f5 42. Kf1 Bf4 43. Ke2 Bc1 44. Nd1 Kf7 45. Kf3 e5 0-1

[Event "ENG-ch Senior Over 50"]
[Site "Kenilworth"]
[Date "2024.05.25"]
[Round "3.5"]
[White "Burrows, Martin P"]
[Black "Pitcher, John"]
[Result "1/2-1/2"]
[WhiteElo "2008"]
[BlackElo "2182"]
[PlyCount "50"]
[EventDate "2024.05.24"]
[EventType "swiss"]
[EventRounds "7"]
[EventCountry "ENG"]

1. e4 c5 2. Nf3 e6 3. d4 cxd4 4. Nxd4 a6 5. Bd3 Bc5 6. Nb3 Ba7 7. O-O Nc6 8.
Qe2 d6 9. Be3 Bxe3 10. Qxe3 Nf6 11. c4 O-O 12. Nc3 e5 13. Rad1 Be6 14. Nd5 Bxd5
15. exd5 Ne7 16. Kh1 b5 17. f4 e4 18. Bxe4 bxc4 19. Nd2 Nexd5 20. Bxd5 Nxd5 21.
Qd4 Nf6 22. Nxc4 d5 23. Ne5 Qa5 24. a3 Rac8 25. Rc1 Qb5 1/2-1/2

[Event "ENG-ch Senior Over 50"]
[Site "Kenilworth"]
[Date "2024.05.25"]
[Round "3.6"]
[White "Willmoth, Robert F"]
[Black "James, Russell A"]
[Result "1/2-1/2"]
[WhiteElo "2118"]
[BlackElo "1987"]
[PlyCount "112"]
[EventDate "2024.05.24"]
[EventType "swiss"]
[EventRounds "7"]
[EventCountry "ENG"]

1. d4 Nf6 2. c4 g6 3. g3 Bg7 4. Nf3 O-O 5. Bg2 d5 6. cxd5 Nxd5 7. O-O Nc6 8.
Nc3 Nb6 9. e3 Re8 10. Qe2 e5 11. dxe5 Nxe5 12. h3 Nxf3+ 13. Qxf3 c6 14. e4 Be6
15. b3 Nd7 16. Bb2 Ne5 17. Qe2 Qd3 18. Rad1 Qxe2 19. Nxe2 Nf3+ 20. Bxf3 Bxb2
21. Nf4 Rad8 22. Nxe6 fxe6 23. Bg4 e5 24. Kg2 h5 25. Bd7 Rf8 26. f4 Kg7 27. f5
Bd4 28. Be6 g5 29. Rf3 Kf6 30. Rfd3 Rd6 31. R1d2 Rfd8 32. Kf3 Bc5 33. Rxd6 Rxd6
34. Rxd6 Bxd6 35. Bc8 b6 36. Bb7 Be7 37. Bxc6 Kf7 38. g4 h4 39. Ke3 Bf6 40. Kd3
Ke7 41. Kc4 Kd6 42. Kb5 Kc7 43. Bd5 Be7 44. Ka6 Kb8 45. a4 Bd8 46. b4 Be7 47.
a5 bxa5 48. Kxa5 Kc7 49. b5 Bc5 50. f6 Kd7 51. Ka6 Be3 52. Kb7 Bf2 53. f7 Ke7
54. Kc6 Be3 55. Bb3 Bf4 56. Be6 Bg3 1/2-1/2

[Event "ENG-ch Senior Over 50"]
[Site "Kenilworth"]
[Date "2024.05.25"]
[Round "3.7"]
[White "Byron, Alan M"]
[Black "Crocker, Philip J"]
[Result "1/2-1/2"]
[WhiteElo "2075"]
[BlackElo "2103"]
[PlyCount "53"]
[EventDate "2024.05.24"]
[EventType "swiss"]
[EventRounds "7"]
[EventCountry "ENG"]

1. e4 e5 2. Nf3 Nc6 3. Bb5 a6 4. Ba4 Nf6 5. O-O d6 6. c3 Bd7 7. d3 g6 8. a3 Bg7
9. Re1 O-O 10. Nbd2 Qe8 11. Bb3 Kh8 12. Nf1 Ng8 13. d4 Bg4 14. d5 Nce7 15. h3
Bd7 16. Ng3 h6 17. Bc2 f5 18. exf5 gxf5 19. c4 b6 20. Rb1 a5 21. b3 Qf7 22. Bb2
Ng6 23. Nh5 Nf6 24. Ng3 Nh7 25. Nh5 Nf6 26. Ng3 Nh7 27. Nh5 1/2-1/2

[Event "ENG-ch Senior Over 50"]
[Site "Kenilworth"]
[Date "2024.05.25"]
[Round "3.8"]
[White "Alldritt, Nigel RE"]
[Black "Thompson, Ian D"]
[Result "1/2-1/2"]
[WhiteElo "1983"]
[BlackElo "1990"]
[PlyCount "129"]
[EventDate "2024.05.24"]
[EventType "swiss"]
[EventRounds "7"]
[EventCountry "ENG"]

1. d4 d5 2. c4 e6 3. Nf3 Nf6 4. g3 Bb4+ 5. Bd2 Be7 6. Bg2 O-O 7. O-O c6 8. Qc2
Nbd7 9. Bf4 Ne4 10. Nc3 g5 11. Bc1 Nd6 12. cxd5 exd5 13. b3 Nb6 14. Ne5 Bf5 15.
Qd1 f6 16. Nd3 Re8 17. Bb2 Bf8 18. Re1 Bg6 19. e3 Bg7 20. f3 Nf7 21. Qd2 Nc8
22. Rad1 f5 23. f4 Bh5 24. Rc1 Ncd6 25. Ne5 Nxe5 26. fxe5 Nf7 27. Rf1 Bg6 28.
Bh3 g4 29. Bg2 Ng5 30. Ne2 Ne6 31. Ba3 Bh6 32. Nf4 Nxf4 33. exf4 Bg7 34. Rc2 h5
35. h4 Bf7 36. Rfc1 Be6 37. Bf1 Qd7 38. Qa5 Rec8 39. Bd6 Bf8 40. Bxf8 Kxf8 41.
b4 a6 42. Qb6 Qc7 43. Qc5+ Qe7 44. a4 Qxc5 45. Rxc5 Bd7 46. Bd3 Ke7 47. Kf2 Ke6
48. Ke3 Rf8 49. R5c3 Ra7 50. Ra3 Rc8 51. Kd2 Rf8 52. Rca1 Rfa8 53. Kc3 b6 54.
Rb1 Rc7 55. Kd2 Ke7 56. Rc3 Raa7 57. Re1 Ke6 58. Rec1 Rcb7 59. Ra1 Rc7 60. Rb3
Rcb7 61. Kc3 Rc7 62. Kb2 Rcb7 63. Rc1 Rc7 64. Rbc3 Rcb7 65. Rb3 1/2-1/2

[Event "ENG-ch Senior Over 50"]
[Site "Kenilworth"]
[Date "2024.05.25"]
[Round "3.9"]
[White "Mason, Donald J"]
[Black "Hymer, Barry J"]
[Result "1-0"]
[WhiteElo "1984"]
[BlackElo "1943"]
[PlyCount "85"]
[EventDate "2024.05.24"]
[EventType "swiss"]
[EventRounds "7"]
[EventCountry "ENG"]

1. e4 d6 2. d4 Nf6 3. Nc3 e5 4. Nf3 Nbd7 5. Rg1 g6 6. g4 exd4 7. Nxd4 Bg7 8. g5
Nxe4 9. Nxe4 Qe7 10. Be3 Qxe4 11. Bg2 Qe5 12. Qe2 O-O 13. c3 Re8 14. O-O-O Qa5
15. Qb5 Qxa2 16. Bd5 a6 17. Qxb7 Bxb7 18. Bxa2 Ne5 19. Rg3 Be4 20. f3 Bb7 21.
f4 Nc6 22. f5 Bxd4 23. Bxd4 Nxd4 24. cxd4 Be4 25. f6 d5 26. Rc3 Rab8 27. Re1
Rec8 28. Bb1 c5 29. Rxc5 Rxc5+ 30. dxc5 Rc8 31. Bxe4 dxe4 32. b4 a5 33. Rxe4
axb4 34. Rc4 Kf8 35. Kb2 Ke8 36. c6 Kd8 37. Rd4+ Kc7 38. Rd7+ Kxc6 39. Rxf7 h6
40. gxh6 Rh8 41. h7 Kd6 42. Rg7 Ke6 43. f7 1-0

[Event "ENG-ch Senior Over 50"]
[Site "Kenilworth"]
[Date "2024.05.25"]
[Round "3.10"]
[White "Ali, Golam S"]
[Black "Brett, Andrew R"]
[Result "0-1"]
[WhiteElo "1956"]
[BlackElo "2044"]
[PlyCount "78"]
[EventDate "2024.05.24"]
[EventType "swiss"]
[EventRounds "7"]
[EventCountry "ENG"]

1. d4 Nf6 2. Bg5 d5 3. Nc3 c5 4. e3 cxd4 5. exd4 Bf5 6. Bb5+ Bd7 7. Qe2 Bc6 8.
O-O-O a6 9. Bd3 e6 10. Nf3 Bb4 11. Nb1 Nbd7 12. c3 Be7 13. Nbd2 Qa5 14. Kb1 Qc7
15. Ne5 Nxe5 16. dxe5 Ne4 17. Bxe7 Nxd2+ 18. Rxd2 Qxe7 19. f4 O-O-O 20. Rc1 Kb8
21. b4 d4 22. Rb2 dxc3 23. Rxc3 Rd4 24. b5 axb5 25. Bxb5 Be4+ 26. Bd3 Bxd3+ 27.
Rxd3 Rhd8 28. Rxd4 Rxd4 29. Qf3 Qd7 30. a3 Rd3 31. Qe2 Rxa3 32. Rd2 Qa4 33. Ra2
Rxa2 34. Qxa2 Qxa2+ 35. Kxa2 Kc7 36. g4 Kc6 37. h4 Kd5 38. h5 g6 39. h6 Ke4 0-1

[Event "ENG-ch Senior Over 50"]
[Site "Kenilworth"]
[Date "2024.05.25"]
[Round "3.11"]
[White "Paterson, Andrew I"]
[Black "Tuke, David"]
[Result "1-0"]
[WhiteElo "2034"]
[BlackElo "1600"]
[PlyCount "83"]
[EventDate "2024.05.24"]
[EventType "swiss"]
[EventRounds "7"]
[EventCountry "ENG"]

1. b3 d5 2. Bb2 Nc6 3. e3 a6 4. d4 Nf6 5. Be2 Bf5 6. Nf3 e6 7. O-O Bd6 8. c4
O-O 9. Nc3 b6 10. Rc1 Na5 11. Ne5 h6 12. Bf3 Rc8 13. cxd5 exd5 14. Nxd5 Nxd5
15. Bxd5 Bxe5 16. dxe5 c5 17. Qf3 Be6 18. e4 Nc6 19. Rfd1 Qg5 20. Qg3 Qxg3 21.
hxg3 Rfd8 22. Rd2 Nb4 23. a3 Bxd5 24. Rcd1 Nc6 25. exd5 Na5 26. Rd3 c4 27. bxc4
Nxc4 28. Ba1 b5 29. f4 g6 30. g4 Nb6 31. d6 Rd7 32. Re1 Nc4 33. Rh3 Kh7 34. g5
h5 35. g4 Nd2 36. gxh5 gxh5 37. f5 Rc4 38. e6 Rg4+ 39. Kh1 fxe6 40. Rxh5+ Kg8
41. Rh8+ Kf7 42. fxe6+ 1-0

[Event "ENG-ch Senior Over 50"]
[Site "Kenilworth"]
[Date "2024.05.25"]
[Round "3.12"]
[White "Homer, Stephen J"]
[Black "Matthews, Adrian MS"]
[Result "1-0"]
[WhiteElo "1998"]
[BlackElo "1847"]
[PlyCount "67"]
[EventDate "2024.05.24"]
[EventType "swiss"]
[EventRounds "7"]
[EventCountry "ENG"]

1. e4 c5 2. Nf3 Nc6 3. Bb5 g6 4. O-O Bg7 5. Re1 Qb6 6. Na3 a6 7. Bxc6 Qxc6 8.
d4 d6 9. h3 b6 10. Bf4 Bb7 11. d5 Qa4 12. c3 Qxd1 13. Raxd1 f6 14. Nc4 b5 15.
Na5 Bc8 16. b4 c4 17. Nd4 Nh6 18. a4 Bd7 19. Nac6 bxa4 20. Ra1 Nf7 21. Rxa4 Ne5
22. Bxe5 dxe5 23. Nb5 Kf7 24. Rea1 f5 25. Rxa6 Rxa6 26. Rxa6 fxe4 27. Ra7 Bxc6
28. dxc6 Ke6 29. Rd7 Bh6 30. Nc7+ Kf5 31. Nd5 e3 32. fxe3 Ke4 33. c7 Ra8 34.
Rd8 1-0

[Event "ENG-ch Senior Over 50"]
[Site "Kenilworth"]
[Date "2024.05.25"]
[Round "3.13"]
[White "Regan, Natasha K"]
[Black "Drugan, Mark A"]
[Result "1-0"]
[WhiteElo "2007"]
[BlackElo "1779"]
[PlyCount "101"]
[EventDate "2024.05.24"]
[EventType "swiss"]
[EventRounds "7"]
[EventCountry "ENG"]

1. Nf3 Nf6 2. c4 g6 3. b4 Bg7 4. Bb2 O-O 5. g3 b6 6. Bg2 Bb7 7. O-O d6 8. d4
Nbd7 9. d5 c5 10. dxc6 Bxc6 11. Nc3 Ne4 12. Qb3 Nxc3 13. Bxc3 Qc7 14. Rac1 Rac8
15. Rfe1 Bh6 16. Bd2 Bxd2 17. Nxd2 Bxg2 18. Kxg2 Qc6+ 19. e4 Qb7 20. h4 b5 21.
cxb5 Qxb5 22. Nf3 Qb7 23. Rcd1 Nb6 24. h5 Nc4 25. h6 e5 26. Rc1 Nb6 27. Qd3
Rfd8 28. Rxc8 Qxc8 29. Qd2 Qe6 30. Rc1 Rc8 31. Qg5 f6 32. Rxc8+ Nxc8 33. Qc1
Qd7 34. a4 Ne7 35. b5 d5 36. Nd2 Qb7 37. f3 Kf7 38. Qc5 g5 39. a5 Kg6 40. a6
Qd7 41. b6 axb6 42. Qxb6 dxe4 43. Nxe4 Nc6 44. a7 Qxa7 45. Qxc6 Qa2+ 46. Kh3
Qf7 47. g4 Qe7 48. Nd6 Qe6 49. Qe4+ Kxh6 50. Nf5+ Kg6 51. Nd4+ 1-0

[Event "ENG-ch Senior Over 50"]
[Site "Kenilworth"]
[Date "2024.05.25"]
[Round "3.14"]
[White "Gardiner, Eric D"]
[Black "Henderson, David"]
[Result "1/2-1/2"]
[WhiteElo "1915"]
[BlackElo "2082"]
[PlyCount "104"]
[EventDate "2024.05.24"]
[EventType "swiss"]
[EventRounds "7"]
[EventCountry "ENG"]

1. e4 e5 2. Nf3 Nc6 3. d4 exd4 4. Nxd4 Bc5 5. Nxc6 bxc6 6. Bd3 d6 7. Qe2 Ne7 8.
Be3 Bxe3 9. Qxe3 O-O 10. O-O f5 11. Nd2 f4 12. Qe2 Ng6 13. f3 Be6 14. Bc4 Qf6
15. Bxe6+ Qxe6 16. Qc4 Qxc4 17. Nxc4 Rab8 18. b3 Rb5 19. Rfe1 Re8 20. Kf2 Kf7
21. Rad1 Rh5 22. h3 Rg5 23. Rd2 Re6 24. Rg1 Rg3 25. Nb2 Rg5 26. g3 fxg3+ 27.
Rxg3 Ra5 28. a4 Nf4 29. Nd3 Nxd3+ 30. Rxd3 Rc5 31. c4 Ree5 32. Ke3 d5 33. cxd5
cxd5 34. Kd4 dxe4 35. fxe4 Rh5 36. Rdf3+ Kg8 37. Rc3 Rxc3 38. Rxc3 c5+ 39. Rxc5
Rxh3 40. b4 Rb3 41. Kc4 Re3 42. Kd5 h5 43. e5 h4 44. e6 h3 45. Kd6 g6 46. Rc8+
Kg7 47. Rc2 g5 48. e7 Rd3+ 49. Ke6 Re3+ 50. Kd7 Rd3+ 51. Ke6 Re3+ 52. Kd7 Rd3+
1/2-1/2

[Event "ENG-ch Senior Over 50"]
[Site "Kenilworth"]
[Date "2024.05.25"]
[Round "3.15"]
[White "Walley, A Clive"]
[Black "Donnelly, Andrew J"]
[Result "1-0"]
[WhiteElo "1885"]
[BlackElo "1782"]
[PlyCount "153"]
[EventDate "2024.05.24"]
[EventType "swiss"]
[EventRounds "7"]
[EventCountry "ENG"]

1. e4 d6 2. d4 Nf6 3. Nc3 g6 4. Nf3 Bg7 5. Be2 O-O 6. O-O Bg4 7. h3 Bxf3 8.
Bxf3 Nc6 9. Be3 e5 10. dxe5 Nxe5 11. Be2 a6 12. f4 Nc6 13. Bf3 Qd7 14. Qe2 Rab8
15. Rad1 Qe7 16. g4 Rfe8 17. Bf2 Nd8 18. g5 Nh5 19. Nd5 Qd7 20. Bxh5 gxh5 21.
Kh2 Qb5 22. Rd3 Qc4 23. Re1 Re6 24. b3 Qc6 25. f5 Be5+ 26. Kh1 Re8 27. Nf6+ Kf8
28. Nxe8 Kxe8 29. Bd4 Bg3 30. Rg1 h4 31. Rc3 Qd7 32. Bf2 Be5 33. Rd3 Nc6 34.
Bxh4 Nd4 35. Qh5 Qc6 36. Qg4 Qxc2 37. Rdg3 Ne2 38. R3g2 Qxa2 39. Qxe2 Qxb3 40.
Qg4 a5 41. g6 fxg6 42. fxg6 hxg6 43. Qxg6+ Kd7 44. Qf5+ Kc6 45. Rc1+ Kb5 46.
Qf1+ Ka4 47. Qd1 Ka3 48. Qxb3+ Kxb3 49. Rxc7 b5 50. Bg3 a4 51. Bxe5 dxe5 52.
Rg3+ Kb2 53. Rf7 Rc8 54. Rf2+ Rc2 55. Rxc2+ Kxc2 56. h4 b4 57. h5 b3 58. h6 a3
59. h7 a2 60. Rg1 b2 61. h8=Q a1=Q 62. Qc8+ Kd3 63. Qd7+ Kxe4 64. Qh7+ Kd4 65.
Rb1 Qa8+ 66. Kg1 Qa3 67. Qd7+ Ke4 68. Re1+ Kf4 69. Qf7+ Kg3 70. Qg6+ Kf4 71.
Qe4+ Kg3 72. Re3+ Qxe3+ 73. Qxe3+ Kg4 74. Qb3 e4 75. Qxb2 e3 76. Qe2+ Kf4 77.
Kh2 1-0

[Event "ENG-ch Senior Over 50"]
[Site "Kenilworth"]
[Date "2024.05.25"]
[Round "3.16"]
[White "Homer, Neil S"]
[Black "Faulkner, Martin J"]
[Result "1/2-1/2"]
[WhiteElo "1691"]
[BlackElo "1825"]
[PlyCount "64"]
[EventDate "2024.05.24"]
[EventType "swiss"]
[EventRounds "7"]
[EventCountry "ENG"]

1. e4 e5 2. Nc3 Nf6 3. f4 d5 4. fxe5 Nxe4 5. Qf3 f5 6. d3 Nxc3 7. bxc3 d4 8.
Be2 Nc6 9. Qg3 Be6 10. Bf3 Qd7 11. Ne2 dxc3 12. Bxc6 Qxc6 13. Nd4 Qd5 14. Nxe6
Qxe6 15. O-O Bc5+ 16. Be3 Bxe3+ 17. Qxe3 O-O 18. d4 b6 19. Rfd1 Rad8 20. Qxc3
Rd7 21. Qb3 Kf7 22. Rd3 Rfd8 23. Rad1 Qxb3 24. axb3 Ke6 25. Kf2 c5 26. c3 cxd4
27. cxd4 Rd5 28. Ke3 a5 29. Rc1 b5 30. Rc6+ Ke7 31. Ra6 b4 32. Rc6 R8d7 1/2-1/2

[Event "ENG-ch Senior Over 50"]
[Site "Kenilworth"]
[Date "2024.05.26"]
[Round "4.1"]
[White "Wells, Peter K"]
[Black "Hebden, Mark L"]
[Result "1/2-1/2"]
[WhiteElo "2348"]
[BlackElo "2395"]
[PlyCount "91"]
[EventDate "2024.05.24"]
[EventType "swiss"]
[EventRounds "7"]
[EventCountry "ENG"]

1. d4 Nf6 2. c4 g6 3. Nc3 Bg7 4. e4 d6 5. Nf3 O-O 6. Be2 e5 7. Be3 Qe7 8. dxe5
dxe5 9. Nd5 Qd8 10. Bc5 Nxe4 11. Be7 Qd7 12. Bxf8 Kxf8 13. Qd3 Nc5 14. Qa3 Qd6
15. Rd1 Nbd7 16. Ng5 Bh6 17. Nf6 Qb6 18. Rxd7 Bxg5 19. Nd5 Bxd7 20. Nxb6 cxb6
21. O-O Kg7 22. Rd1 Bc6 23. b4 Ne6 24. Bf3 Nd4 25. Bxc6 bxc6 26. Qd3 a5 27. b5
cxb5 28. cxb5 Rc8 29. Qe4 Bf6 30. f4 Rc5 31. fxe5 Rxe5 32. Rxd4 Rxe4 33. Rxe4
h5 34. Kf2 Bb2 35. Rc4 Kf6 36. Kf3 Ke5 37. Rc7 f6 38. h4 Bd4 39. a4 Kf5 40. Rc8
Ke5 41. Rg8 Kf5 42. Rc8 Ke5 43. Rg8 Kf5 44. Re8 Bc5 45. Rc8 Bd4 46. Rg8 1/2-1/2